Singh v Rochdale MBC (Record no. 40798)

MARC details
000 -LEADER
fixed length control field 01667cab a2200229 4500
001 - CONTROL NUMBER
control field ABS48199
008 - FIXED-LENGTH DATA ELEMENTS--GENERAL INFORMATION
fixed length control field 090401t1993 xxu||||| |||| 00| 0 eng d
035 ## - SYSTEM CONTROL NUMBER
System control number (Sirsi) u65430
041 ## - LANGUAGE CODE
Language code of text/sound track or separate title eng
245 ## - TITLE STATEMENT
Title Singh v Rochdale MBC
260 ## - PUBLICATION, DISTRIBUTION, ETC.
Date of publication, distribution, etc. 1993
350 ## - PRICE (NR) (BK AM CF MU VM SE) [OBSOLETE]
Price 0
490 ## - SERIES STATEMENT
Series statement Property and Compensation Reports
Volume/sequential designation (1993) 65 PCR 75-84(6)
520 ## - SUMMARY, ETC.
Summary, etc. LT 10 August 1992. Several items of compensation were agreed concerning the compulsory purchase of a long leasehold in a two storey building occupied at the material date as a shop with living accommodation however other items remained outstanding and were refered to the LT. They concerned the dates on which the property was vested in the acquiring authority, on which the compensation fell to be assessed and from which interest was payable on the compensation money; the extend to which interest from a bridging loan made necessary by the loss of the property should be off set against the statutory interest payable and the amount of compensation for loss of profit. A vesting declaration was made on 8 November 1988 and the authority took possession on 26 May 1989. S claimed that as the 28 day period of notice referred to in the notice expired on 7 December that was the date on which the property was vested in the authority. The authority claimed that a series of notices had been issued
650 ## - SUBJECT ADDED ENTRY--TOPICAL TERM
Topical term or geographic name entry element BRIDGING LOAN
650 ## - SUBJECT ADDED ENTRY--TOPICAL TERM
Topical term or geographic name entry element COMPULSORY PURCHASE (VESTING DECLARATIONS) ACT 1981
650 ## - SUBJECT ADDED ENTRY--TOPICAL TERM
Topical term or geographic name entry element MATERAIL DATE
650 ## - SUBJECT ADDED ENTRY--TOPICAL TERM
Topical term or geographic name entry element VESTING DECLARATIONS
690 ## - LOCAL SUBJECT ADDED ENTRY--TOPICAL TERM (OCLC, RLIN)
Topical term or geographic name as entry element ENVIRONMENTAL AND LAND CONSULTANCY-PLANNING AND DEVELOPMENT-COMPULSORY PURCHASE AND COMPENSATION
942 ## - ADDED ENTRY ELEMENTS (KOHA)
Suppress in OPAC 0
948 ## - LOCAL PROCESSING INFORMATION (OCLC); SERIES PART DESIGNATOR (RLIN)
c (OCLC) 04/03/1997
Holdings
Withdrawn status Lost status Source of classification or shelving scheme Damaged status Not for loan Home library Current library Shelving location Date acquired Total Checkouts Full call number Barcode Date last seen Copy number Price effective from Koha item type
    Dewey Decimal Classification     London London Journal article 14/09/1999   ABS48199 65430-1001 06/08/2019 1 06/08/2019 Law report